[Event "Venice Autumn op 25th"]
[Site "Venice S Leonardo"]
[Date "2018.11.04"]
[Round "4.5"]
[White "Scarsella, Lorenzo Luigi"]
[Black "Rondelli, Roberto"]
[Result "1-0"]
[WhiteElo "1892"]
[BlackElo "1772"]
[PlyCount "79"]
[EventDate "2018.11.01"]
[EventType "swiss"]
[EventRounds "5"]
[EventCountry "ITA"]
[SourceTitle "EXT 2023"]
[Source "ChessBase"]
[SourceDate "2022.10.05"]
[SourceVersion "1"]
[SourceVersionDate "2022.10.05"]
[SourceQuality "1"]

1. d4 e6 2. Nf3 d5 3. Bg5 Nf6 4. e3 c5 5. c3 Be7 6. Bd3 Nc6 7. Nbd2 Qb6 8. Qb1 h6 9. Bh4 cxd4 10. exd4 Bd7 11. 0-0 Nh5 12. Bxe7 Nxe7 13. Re1 0-0 14. Ne5 Nf6 15. Re3 Be8 16. Rh3 Nc6 17. f4 Nxd4 18. cxd4 Qxd4+ 19. Kh1 Qxf4 20. Qe1 Nd7 21. Ndf3 Nxe5 22. Nxe5 Rc8 23. Rh4 Qf6 24. Qg3 Qg5 25. Qe1 Bc6 26. Rg4 Qf6 27. Qg3 g5 28. h4 Qg7 29. hxg5 h5 30. Rh4 f6 31. Rxh5 fxe5 32. Rh7 Qxh7+ 33. Bxh7+ Kxh7 34. Qh3+ Kg6 35. Qh6+ Kf7 36. Rf1+ Kg8 37. Qxe6+ Kh7 38. Rf7+ Rxf7 39. Qxf7+ Kh8 40. g6 1-0

[Event "Arco op 38th"]
[Site "Arco"]
[Date "2016.10.08"]
[Round "1"]
[White "Rondelli, Roberto"]
[Black "Scheftlein, Richard"]
[Result "0-1"]
[WhiteElo "1755"]
[BlackElo "2092"]
[PlyCount "86"]
[EventDate "2016.10.08"]
[EventType "swiss"]
[EventRounds "9"]
[EventCountry "ITA"]
[SourceTitle "EXT 2017"]
[Source "ChessBase"]
[SourceDate "2016.10.25"]
[SourceVersion "1"]
[SourceVersionDate "2016.10.25"]
[SourceQuality "1"]

1. d4 Nf6 2. c4 e6 3. Nf3 Bb4+ 4. Bd2 Qe7 5. a3 Bxd2+ 6. Qxd2 b6 7. Nc3 Bb7 8. g3 Ne4 9. Nxe4 Bxe4 10. Bg2 d6 11. 0-0 Nd7 12. Nh4 Bxg2 13. Nxg2 0-0 14. b4 a5 15. e4 Rfd8 16. f4 axb4 17. axb4 c5 18. bxc5 bxc5 19. Rfb1 cxd4 20. Qxd4 Qf6 21. Qxf6 Nxf6 22. Rxa8 Rxa8 23. e5 dxe5 24. c5 Rc8 25. Rc1 Kf8 26. c6 exf4 27. Nxf4 Ke7 28. Nd3 Nd5 29. Kf2 f6 30. Kf3 Kd6 31. Ra1 Rxc6 32. Ra8 Rc3 33. Ke2 Rc2+ 34. Kf3 Rc3 35. Ke2 e5 36. Nf2 f5 37. Rg8 Rc7 38. h4 e4 39. Nh3 h6 40. Nf4 Nxf4+ 41. gxf4 Ke6 42. Ke3 Rc3+ 43. Kd4 Rd3+ 0-1